<?xml version="1.0" encoding="UTF-8"?>
<record
    xmlns:xsi="http://www.w3.org/2001/XMLSchema-instance"
    xsi:schemaLocation="http://www.loc.gov/MARC21/slim http://www.loc.gov/standards/marcxml/schema/MARC21slim.xsd"
    xmlns="http://www.loc.gov/MARC21/slim">

  <leader>03999njm a2200565Ia 4500</leader>
  <controlfield tag="001">F2861</controlfield>
  <controlfield tag="003">IT-RoPAU</controlfield>
  <controlfield tag="005">20220918181201.0</controlfield>
  <controlfield tag="008">131025s9999    xx            000 0 und d</controlfield>
  <datafield tag="040" ind1=" " ind2=" ">
    <subfield code="a">IT-RoPAU</subfield>
  </datafield>
  <datafield tag="040" ind1=" " ind2=" ">
    <subfield code="c">IT-RoPAU</subfield>
  </datafield>
  <datafield tag="041" ind1=" " ind2=" ">
    <subfield code="a">ITALIANO</subfield>
  </datafield>
  <datafield tag="999" ind1=" " ind2=" ">
    <subfield code="c">103021</subfield>
    <subfield code="d">103021</subfield>
  </datafield>
  <datafield tag="999" ind1=" " ind2=" ">
    <subfield code="b">n.d.</subfield>
  </datafield>
  <datafield tag="100" ind1=" " ind2=" ">
    <subfield code="a">AA.VV.</subfield>
    <subfield code="9">794</subfield>
  </datafield>
  <datafield tag="100" ind1=" " ind2=" ">
    <subfield code="e">Autore musica</subfield>
    <subfield code="9">32655</subfield>
  </datafield>
  <datafield tag="100" ind1=" " ind2=" ">
    <subfield code="g">Codice autore musica SPICS: 12000</subfield>
    <subfield code="9">796</subfield>
  </datafield>
  <datafield tag="245" ind1=" " ind2=" ">
    <subfield code="a">Sud(s)</subfield>
  </datafield>
  <datafield tag="250" ind1=" " ind2=" ">
    <subfield code="a">1a ed.</subfield>
  </datafield>
  <datafield tag="260" ind1=" " ind2=" ">
    <subfield code="a">ITALIA</subfield>
  </datafield>
  <datafield tag="260" ind1=" " ind2=" ">
    <subfield code="b">BLUE TOMATO</subfield>
    <subfield code="c">1998 [1a Ed.:1998 - Ed. Lingua Orig.: 1998]</subfield>
  </datafield>
  <datafield tag="300" ind1=" " ind2=" ">
    <subfield code="a">COMPACT DISC</subfield>
  </datafield>
  <datafield tag="300" ind1=" " ind2=" ">
    <subfield code="c">51 minuti (Testo: 0 pag.)</subfield>
  </datafield>
  <datafield tag="500" ind1=" " ind2=" ">
    <subfield code="a">Musica leggera. Canzone italiana. Allegato lo spartito 9953 F2873.</subfield>
  </datafield>
  <datafield tag="505" ind1=" " ind2=" ">
    <subfield code="a">Insalata 'e mare (5:00) - Terun terun (5:00) - La zanzarita (5:00) - A nuje ce piace 'e magn&#xE0;! (5:00) - Cocorito (5:00) - Quando arriveranno gli africani (5:00) - Munastero 'e Santa Chiara (6:00) - Dicitincello vuje (5:00) - 'A tazza 'e caf&#xE8; (3:00) - Luna nova (7:00) - 'O marenariello (6:00)</subfield>
  </datafield>
  <datafield tag="511" ind1=" " ind2=" ">
    <subfield code="a">Renzo Arbore e l'Orchestra Italiana: Cecchetti Massimo: basso, cori; Coleman Marcello: voce, cori; Catalli Claudio: fisarmonica, cori; Reina Nunzio: mandolino, cori; Conte Gianni: voce, cori; Termini Paolo: chit, cori; Buonaiuto Barbara: voce, cori; Arbore Renzo: voce, chit, cori; Manusso Marco: chit, dobro, cori; Petrone Gennaro: mandola, mandoloncello, voce, cori; Volpe Massimo: pianoforte, tastiere, voce, cori; Ciscognetti Roberto: batteria; Montefusco Michele: chit, cori; Sannino Peppe: perc, voce, cori; Esposito Salvatore: mandolino, cori</subfield>
  </datafield>
  <datafield tag="650" ind1=" " ind2=" ">
    <subfield code="a">CANZONE [COMPACT DISC]</subfield>
    <subfield code="e">Codice MATERIA SPICS: 9949</subfield>
    <subfield code="9">30149</subfield>
  </datafield>
  <datafield tag="700" ind1=" " ind2=" ">
    <subfield code="a">Esposito Beniamino</subfield>
    <subfield code="d">Codice autore testo/musica SPICS: 51374</subfield>
    <subfield code="e">Autore testo/musica</subfield>
    <subfield code="p">Insalata 'e mare</subfield>
    <subfield code="9">32656</subfield>
  </datafield>
  <datafield tag="700" ind1=" " ind2=" ">
    <subfield code="a">Arbore Renzo</subfield>
    <subfield code="d">Codice autore musica SPICS: 10049</subfield>
    <subfield code="e">Autore musica</subfield>
    <subfield code="p">Terun terun - La zanzarita - A nuje ce piace 'e magn&#xE0;! - Quando arriveranno gli africani</subfield>
    <subfield code="9">32657</subfield>
  </datafield>
  <datafield tag="700" ind1=" " ind2=" ">
    <subfield code="a">Petrone G.</subfield>
    <subfield code="d">Codice autore SPICS: 51375</subfield>
    <subfield code="e">Autore</subfield>
    <subfield code="p">Terun terun - Quando arriveranno gli africani</subfield>
    <subfield code="9">32658</subfield>
  </datafield>
  <datafield tag="700" ind1=" " ind2=" ">
    <subfield code="a">Acosta H.</subfield>
    <subfield code="d">Codice autore testo/musica SPICS: 51376</subfield>
    <subfield code="e">Autore testo(musica</subfield>
    <subfield code="p">Terun terun</subfield>
    <subfield code="9">32659</subfield>
  </datafield>
  <datafield tag="700" ind1=" " ind2=" ">
    <subfield code="a">Manusso M.</subfield>
    <subfield code="d">Codice autore SPICS: 51378</subfield>
    <subfield code="e">Autore</subfield>
    <subfield code="p">La zanzarita</subfield>
    <subfield code="9">32660</subfield>
  </datafield>
  <datafield tag="700" ind1=" " ind2=" ">
    <subfield code="a">Garcia Concheso L.J.</subfield>
    <subfield code="d">Codice autore testo/musica SPICS: 51379</subfield>
    <subfield code="e">Autore testo/musica</subfield>
    <subfield code="p">La zanzarita</subfield>
    <subfield code="9">32661</subfield>
  </datafield>
  <datafield tag="700" ind1=" " ind2=" ">
    <subfield code="a">Volpe Massimo</subfield>
    <subfield code="d">Codice autore SPICS: 28241</subfield>
    <subfield code="e">Autore</subfield>
    <subfield code="p">A nuje ce piace 'e magn&#xE0;!</subfield>
    <subfield code="9">32662</subfield>
  </datafield>
  <datafield tag="700" ind1=" " ind2=" ">
    <subfield code="a">Pedrito</subfield>
    <subfield code="d">Codice autore musica SPICS: 51380</subfield>
    <subfield code="e">Autore musica</subfield>
    <subfield code="p">Cocorito</subfield>
    <subfield code="9">32663</subfield>
  </datafield>
  <datafield tag="700" ind1=" " ind2=" ">
    <subfield code="a">Dospalmas</subfield>
    <subfield code="d">Codice autore SPICS: 51381</subfield>
    <subfield code="e">Autore</subfield>
    <subfield code="p">Cocorito</subfield>
    <subfield code="9">32664</subfield>
  </datafield>
  <datafield tag="700" ind1=" " ind2=" ">
    <subfield code="a">Chicofox</subfield>
    <subfield code="d">Codice autore testo/musica SPICS: 51382</subfield>
    <subfield code="e">Autore testo/musica</subfield>
    <subfield code="p">Cocorito</subfield>
    <subfield code="9">32665</subfield>
  </datafield>
  <datafield tag="700" ind1=" " ind2=" ">
    <subfield code="a">Spera M.</subfield>
    <subfield code="d">Codice autore testo/musica SPICS: 51383</subfield>
    <subfield code="e">Autore testo/musica</subfield>
    <subfield code="p">Quando arriveranno gli africani</subfield>
    <subfield code="9">32666</subfield>
  </datafield>
  <datafield tag="700" ind1=" " ind2=" ">
    <subfield code="a">Galdieri Michele</subfield>
    <subfield code="d">Codice autore musica SPICS: 13370</subfield>
    <subfield code="e">Autore musica</subfield>
    <subfield code="p">Munastero 'e Santa Chiara</subfield>
    <subfield code="9">32667</subfield>
  </datafield>
  <datafield tag="700" ind1=" " ind2=" ">
    <subfield code="a">Barberis Alberto</subfield>
    <subfield code="d">Codice autore SPICS: 13596</subfield>
    <subfield code="e">Autore</subfield>
    <subfield code="p">Munastero 'e Santa Chiara</subfield>
    <subfield code="9">32668</subfield>
  </datafield>
  <datafield tag="700" ind1=" " ind2=" ">
    <subfield code="a">Fusco Enzo</subfield>
    <subfield code="d">Codice autore musica SPICS: 13644</subfield>
    <subfield code="e">Autore musica</subfield>
    <subfield code="p">Dicitincello vuje</subfield>
    <subfield code="9">32669</subfield>
  </datafield>
  <datafield tag="700" ind1=" " ind2=" ">
    <subfield code="a">Falvo Rodolfo</subfield>
    <subfield code="d">Codice autore SPICS: 13712</subfield>
    <subfield code="e">Autore</subfield>
    <subfield code="p">Dicitincello vuje</subfield>
    <subfield code="9">32670</subfield>
  </datafield>
  <datafield tag="700" ind1=" " ind2=" ">
    <subfield code="a">Capaldo Giuseppe</subfield>
    <subfield code="d">Codice autore musica SPICS: 13709</subfield>
    <subfield code="e">Autore musica</subfield>
    <subfield code="p">'A tazza 'e caf&#xE8;</subfield>
    <subfield code="9">32671</subfield>
  </datafield>
  <datafield tag="700" ind1=" " ind2=" ">
    <subfield code="a">Fassone Vittorio</subfield>
    <subfield code="d">Codice autore SPICS: 13710</subfield>
    <subfield code="e">Autore</subfield>
    <subfield code="p">'A tazza 'e caf&#xE8;</subfield>
    <subfield code="9">32672</subfield>
  </datafield>
  <datafield tag="700" ind1=" " ind2=" ">
    <subfield code="a">Di Giacomo Salvatore</subfield>
    <subfield code="d">Codice autore musica SPICS: 13668</subfield>
    <subfield code="e">Autore musica</subfield>
    <subfield code="p">Luna nova</subfield>
    <subfield code="9">32673</subfield>
  </datafield>
  <datafield tag="700" ind1=" " ind2=" ">
    <subfield code="a">Costa Mario</subfield>
    <subfield code="d">Codice autore SPICS: 12466</subfield>
    <subfield code="e">Autore</subfield>
    <subfield code="p">Luna nova</subfield>
    <subfield code="9">32674</subfield>
  </datafield>
  <datafield tag="700" ind1=" " ind2=" ">
    <subfield code="a">Ottaviano Gennaro</subfield>
    <subfield code="d">Codice autore musica SPICS: 13701</subfield>
    <subfield code="e">Autore musica</subfield>
    <subfield code="p">'O marenariello</subfield>
    <subfield code="9">32675</subfield>
  </datafield>
  <datafield tag="700" ind1=" " ind2=" ">
    <subfield code="a">Gambardella Salvatore</subfield>
    <subfield code="d">Codice autore SPICS: 13700</subfield>
    <subfield code="e">Autore</subfield>
    <subfield code="p">'O marenariello</subfield>
    <subfield code="9">32676</subfield>
  </datafield>
  <datafield tag="700" ind1=" " ind2=" ">
    <subfield code="a">Orchestra Italiana (L') </subfield>
    <subfield code="d">Codice interprete SPICS: 51373</subfield>
    <subfield code="e">Interprete</subfield>
    <subfield code="9">32677</subfield>
  </datafield>
  <datafield tag="942" ind1=" " ind2=" ">
    <subfield code="c">CD</subfield>
    <subfield code="2">ddc</subfield>
  </datafield>
  <datafield tag="952" ind1=" " ind2=" ">
    <subfield code="0">0</subfield>
    <subfield code="1">0</subfield>
    <subfield code="4">0</subfield>
    <subfield code="6">F_2861_000000000000000</subfield>
    <subfield code="7">1</subfield>
    <subfield code="a">SPICS</subfield>
    <subfield code="b">SPICS</subfield>
    <subfield code="d">2013-10-25</subfield>
    <subfield code="l">0</subfield>
    <subfield code="o">F2861</subfield>
    <subfield code="r">2013-10-25 00:00:00</subfield>
    <subfield code="w">2013-10-25</subfield>
    <subfield code="y">CD</subfield>
    <subfield code="z">Progr. Ins.: 22575 / N.Vol.: 1 / Copie: 1 - Copia rara: n.d. / date import: 01.01.2014 - By Epidotti, Trombetti, Vaglietti</subfield>
  </datafield>
</record>
